Glass lasers
Kaydedildi:
| Yazar: | |
|---|---|
| Materyal Türü: | Kitap |
| Dil: | İngilizce |
| Baskı/Yayın Bilgisi: |
Londres
Butterworth
1970
|
| Konular: | |
| Etiketler: |
Etiketle
Etiket eklenmemiş, İlk siz ekleyin!
|
MARC
| LEADER | 00000nam a2200000 a 4500 | ||
|---|---|---|---|
| 001 | UCU3750 | ||
| 003 | CL-VaPUC | ||
| 008 | 960510e19700000UK |||||||||||||||||eng|d | ||
| 082 | 0 | 4 | |a 621.366 |b PAT |2 21 |
| 100 | |a Pátek, Karel |e author |9 360858 | ||
| 245 | 1 | 0 | |a Glass lasers |
| 300 | |a 217 p | ||
| 942 | |c BK | ||
| 945 | |d 19960510 00:00:00 |a paguirre | ||
| 260 | |a Londres |b Butterworth |c 1970 | ||
| 650 | 7 | |a LASER |2 CL-VaPUC |9 360528 | |
| 650 | 0 | |a Vidrio óptico |9 366674 | |
| 650 | 0 | |a Electrónica |9 263192 | |
| 650 | 7 | |a PROPIEDADES OPTICAS |2 CL-VaPUC |9 360860 | |
| 583 | |a last modification |c 19960510 00:00:00 |k Rodrigo Vera | ||
| 999 | |c 247650 |d 247648 | ||
| 952 | |0 0 |1 0 |4 0 |6 621_366000000000000_PAT_1970 |7 0 |8 A |9 263715 |a BIBING |b BIBING |d 2019-11-19 |i 1658492 |o 621.366 PAT 1970 |p 1658492 |r 2025-01-20 |w 2019-11-19 |y BK |k EIE | ||